Thị trường song hành

Salvato in:
Dettagli Bibliografici
Autore principale: Vũ Ngọc Lộc
Natura: Libro
Lingua:Undetermined
Pubblicazione: Sài Gòn Học viện Quốc Gia Hành Chánh 1971
Soggetti:
Tags: Aggiungi Tag
Nessun Tag, puoi essere il primo ad aggiungerne! !
Thư viện lưu trữ: Trung tâm Học liệu Trường Đại học Cần Thơ
LEADER 00543nam a2200181Ia 4500
001 CTU_26436
008 210402s9999 xx 000 0 und d
082 |a 658 
082 |b L451 
100 |a Vũ Ngọc Lộc 
245 0 |a Thị trường song hành 
245 0 |c Vũ Ngọc Lộc 
260 |a Sài Gòn 
260 |b Học viện Quốc Gia Hành Chánh 
260 |c 1971 
650 |a foriegn exchange market 
904 |i Nguyễn Quang Điền, 981013 
980 |a Trung tâm Học liệu Trường Đại học Cần Thơ